Kadana kutuhala. (Record no. 104457)

MARC details
000 -LEADER
fixed length control field 00595nam a2200205Ia 4500
003 - CONTROL NUMBER IDENTIFIER
control field OSt
005 - DATE AND TIME OF LATEST TRANSACTION
control field 20250814095656.0
008 - FIXED-LENGTH DATA ELEMENTS--GENERAL INFORMATION
fixed length control field 210210b2001 xxu||||| |||| 00| 0 eng d
040 ## - CATALOGING SOURCE
Transcribing agency AL
041 ## - LANGUAGE CODE
Language code of text/sound track or separate title Kannada
082 ## - DEWEY DECIMAL CLASSIFICATION NUMBER
Classification number K894.301 MUHK
100 ## - MAIN ENTRY--PERSONAL NAME
Personal name MUHAMMAD KULAYI
Dates associated with a name ಮುಹಮ್ಮದ್ ಕುಳಾಯಿ
9 (RLIN) 235421
245 ## - TITLE STATEMENT
Title Kadana kutuhala.
Remainder of title ಕದನ ಕುತೂಹಲ
260 ## - PUBLICATION, DISTRIBUTION, ETC.
Place of publication, distribution, etc. Mangaluru
Name of publisher, distributor, etc. Byari Sahitya mattu Samskratika Sangha
Date of publication, distribution, etc. 2001
300 ## - PHYSICAL DESCRIPTION
Extent 126
650 ## - SUBJECT ADDED ENTRY--TOPICAL TERM
Topical term or geographic name entry element Sanna Kategalu
9 (RLIN) 235422
690 ## - LOCAL SUBJECT ADDED ENTRY--TOPICAL TERM (OCLC, RLIN)
Topical term or geographic name as entry element Kannada Fiction
9 (RLIN) 235423
906 ## - LOCAL DATA ELEMENT F, LDF (RLIN)
a 056878
942 ## - ADDED ENTRY ELEMENTS (KOHA)
Source of classification or shelving scheme Dewey Decimal Classification
Koha item type Book
Holdings
Withdrawn status Lost status Source of classification or shelving scheme Damaged status Not for loan Collection code Home library Current library Shelving location Date acquired Source of acquisition Cost, normal purchase price Total Checkouts Full call number Barcode Date last seen Price effective from Koha item type
    Dewey Decimal Classification     Kannada St Aloysius Library St Aloysius Library   02/17/2021 Athree Book Centre, Mangalore-01. 60.00   K894.301 MUHK 056878 02/17/2021 02/17/2021 Book